[Event "Tirol-ch"]
[Site "Jenbach"]
[Date "2011.07.08"]
[Round "7"]
[White "Anfang, Max"]
[Black "Pirchner, Hans"]
[Result "1-0"]
[WhiteElo "1983"]
[BlackElo "1991"]
[PlyCount "86"]
[EventDate "2011.07.02"]
[EventType "swiss"]
[EventRounds "7"]
[EventCountry "AUT"]
[SourceTitle "EXT 2024"]
[Source "ChessBase"]
[SourceDate "2023.10.10"]
[SourceVersion "1"]
[SourceVersionDate "2023.10.10"]
[SourceQuality "1"]

1. Nf3 Nf6 2. c4 e6 3. g3 d5 4. d4 c6 5. a4 a5 6. Bg2 Bb4+ 7. Bd2 Na6 8. Nc3 0-0 9. Qc2 Bd7 10. 0-0 Rc8 11. Rfd1 dxc4 12. Ne5 Nd5 13. e4 Ne7 14. h4 b5 15. Be3 Bd6 16. Nxd7 Qxd7 17. axb5 cxb5 18. Rxa5 Nc7 19. Ra7 Nc6 20. Raa1 Nb4 21. Qe2 Ne8 22. e5 Bb8 23. Ra5 Nc7 24. Bb7 Rcd8 25. Be4 Nbd5 26. Bg5 Rde8 27. Bb1 Nxc3 28. bxc3 f6 29. exf6 gxf6 30. Bh6 Rf7 31. Qf3 Nd5 32. Be4 f5 33. Bxd5 exd5 34. Bf4 Bxf4 35. Qxf4 Rfe7 36. Kg2 Kf7 37. Qh6 Kg8 38. Rb1 Re6 39. Qf4 Rb6 40. Raa1 Rb7 41. Qg5+ Kh8 42. Ra8 Reb8 43. Qf4 Re8 1-0

[Event "AUT-ch"]
[Site "Jenbach"]
[Date "2009.08.01"]
[Round "8"]
[White "Sandhoefner, Florian"]
[Black "Pirchner, Hans"]
[Result "1-0"]
[WhiteElo "2200"]
[BlackElo "2007"]
[PlyCount "69"]
[EventDate "2009.07.25"]
[EventType "swiss"]
[EventRounds "9"]
[EventCountry "AUT"]
[SourceTitle "CBM 131 Extra"]
[Source "ChessBase"]
[SourceDate "2009.09.03"]
[SourceVersion "2"]
[SourceVersionDate "2009.09.16"]
[SourceQuality "1"]

1. e4 d5 2. exd5 Nf6 3. Bb5+ Nbd7 4. c4 a6 5. Ba4 b5 6. cxb5 axb5 7. Bxb5 Nxd5 8. d4 Bb7 9. Nf3 c6 10. Be2 e6 11. 0-0 Bd6 12. Nc3 0-0 13. Nxd5 cxd5 14. Bd2 Qe7 15. Bc3 f6 16. a4 e5 17. b4 e4 18. Ne1 f5 19. f4 g5 20. g3 g4 21. b5 h5 22. Ng2 Nf6 23. Ne3 Qh7 24. Ng2 e3 25. a5 Rac8 26. Be1 Be7 27. a6 Ba8 28. b6 Ne4 29. b7 Rc3 30. Bxc3 Nxc3 31. Qc2 Ne4 32. bxa8Q Rxa8 33. Qc6 Rd8 34. Qe6+ Kf8 35. Nxe3 1-0

[Event "AUT-ch"]
[Site "Jenbach"]
[Date "2009.07.30"]
[Round "6"]
[White "Pirchner, Hans"]
[Black "Babinetz, Rainer"]
[Result "1/2-1/2"]
[WhiteElo "2007"]
[BlackElo "2087"]
[PlyCount "98"]
[EventDate "2009.07.25"]
[EventType "swiss"]
[EventRounds "9"]
[EventCountry "AUT"]
[SourceTitle "CBM 131 Extra"]
[Source "ChessBase"]
[SourceDate "2009.09.03"]
[SourceVersion "2"]
[SourceVersionDate "2009.09.16"]
[SourceQuality "1"]

1. d4 d6 2. c4 g6 3. Nc3 Bg7 4. e4 Nf6 5. Be2 0-0 6. Be3 Nc6 7. h3 e5 8. d5 Ne7 9. g4 c6 10. g5 Ne8 11. h4 cxd5 12. cxd5 f5 13. gxf6 Nxf6 14. h5 Qa5 15. Qd2 Bg4 16. hxg6 Nxg6 17. f3 Bd7 18. Nh3 Bxh3 19. Rxh3 Nf4 20. Rh2 a6 21. 0-0-0 Rac8 22. Rg1 Qxa2 23. Bd1 Rf7 24. Bc2 Qc4 25. Bxf4 exf4 26. Rhg2 b5 27. Qxf4 Ne8 28. Qh6 b4 29. e5 Qf4+ 30. Qxf4 Rxf4 31. Ne4 b3 32. Nxd6 Rxc2+ 33. Rxc2 Nxd6 34. Rc6 Rc4+ 35. Rxc4 Nxc4 36. f4 Kf8 37. d6 Bh6 38. Rg4 Nxe5 39. d7 Ke7 40. Rh4 Bxf4+ 41. Kd1 Bg5 42. Rxh7+ Kd8 43. Rh3 Kxd7 44. Rxb3 Kc6 45. Kc2 Kd5 46. Rb6 Nc6 47. Kb3 Nd4+ 48. Ka4 Ne6 49. b4 Nc7 1/2-1/2

[Event "AUT-ch"]
[Site "Jenbach"]
[Date "2009.07.25"]
[Round "1"]
[White "Pirchner, Hans"]
[Black "Froewis, Georg"]
[Result "0-1"]
[WhiteElo "2007"]
[BlackElo "2220"]
[PlyCount "56"]
[EventDate "2009.07.25"]
[EventType "swiss"]
[EventRounds "9"]
[EventCountry "AUT"]
[SourceTitle "CBM 131 Extra"]
[Source "ChessBase"]
[SourceDate "2009.09.03"]
[SourceVersion "2"]
[SourceVersionDate "2009.09.16"]
[SourceQuality "1"]

1. d4 d5 2. c4 e6 3. Nc3 c6 4. e3 Nf6 5. Nf3 Nbd7 6. Bd3 dxc4 7. Bxc4 b5 8. Bd3 a6 9. Qe2 c5 10. 0-0 Bb7 11. Rd1 Qb6 12. a4 c4 13. Bb1 Be7 14. e4 h6 15. d5 Bc5 16. dxe6 fxe6 17. Nh4 0-0-0 18. axb5 axb5 19. Ng6 Rhe8 20. b3 Nf8 21. e5 Qc6 22. Rxd8+ Rxd8 23. Nf4 Bd4 24. Bb2 Bxc3 25. Bxc3 cxb3 26. Be1 Nd5 27. Nxd5 Qxd5 28. f3 Qd4+ 0-1

[Event "Tirol-ch Seniors 2nd"]
[Site "Innsbruck"]
[Date "2009.06.23"]
[Round "5"]
[White "Pirchner, Hans"]
[Black "Egger, Herbert"]
[Result "1-0"]
[WhiteElo "2007"]
[BlackElo "1809"]
[PlyCount "47"]
[EventDate "2009.06.16"]
[EventType "tourn"]
[EventRounds "7"]
[EventCountry "AUT"]
[SourceTitle "EXT 2011"]
[Source "ChessBase"]
[SourceDate "2010.11.26"]
[SourceVersion "1"]
[SourceVersionDate "2010.11.26"]
[SourceQuality "1"]

1. d4 d5 2. Nf3 Nf6 3. c4 c6 4. Nc3 Bg4 5. e3 e6 6. Bd3 Bd6 7. 0-0 Nbd7 8. Re1 e5 9. cxd5 cxd5 10. e4 dxe4 11. Nxe4 Nxe4 12. Bxe4 Qb6 13. h3 Bh5 14. g4 Bg6 15. dxe5 Bxe4 16. Rxe4 Qc6 17. Qe2 Bc7 18. Nd4 Qa6 19. e6 Qxe2 20. exd7+ Kxd7 21. Rxe2 f6 22. Be3 Rae8 23. Rc2 Bb6 24. Rd1 1-0

[Event "Tirol-ch"]
[Site "Kramsach"]
[Date "2007.06.26"]
[Round "3.6"]
[White "Pirchner, Hans"]
[Black "Zwanowetz, Thomas"]
[Result "1-0"]
[WhiteElo "1995"]
[BlackElo "1716"]
[PlyCount "100"]
[EventDate "2007.06.24"]
[EventType "swiss"]
[EventRounds "7"]
[EventCountry "AUT"]
[SourceTitle "EXT 2024"]
[Source "ChessBase"]
[SourceDate "2023.10.10"]
[SourceVersion "1"]
[SourceVersionDate "2023.10.10"]
[SourceQuality "1"]

1. d4 d5 2. Nf3 c5 3. e3 Nf6 4. c4 e6 5. Nc3 Nc6 6. Bd3 Bd6 7. Qe2 0-0 8. 0-0 dxc4 9. Bxc4 a6 10. Rd1 Qc7 11. dxc5 Bxc5 12. h3 e5 13. e4 b5 14. Nd5 Nxd5 15. Bxd5 Be6 16. Be3 Bxe3 17. Qxe3 Bxd5 18. exd5 Nd4 19. Nxd4 exd4 20. Qxd4 Qd6 21. Rac1 Rac8 22. b4 Rfd8 23. Rc5 h6 24. Rdc1 Rxc5 25. Rxc5 Re8 26. g3 Rd8 27. Qe4 Qd7 28. Kg2 Re8 29. Qf4 Rd8 30. Qg4 Qb7 31. Qf5 Qe7 32. Rc8 Rxc8 33. Qxc8+ Kh7 34. Qc5 Qe4+ 35. Kh2 h5 36. d6 Qf3 37. Qd4 Qa8 38. d7 Qd8 39. Qe4+ Kh6 40. Qe8 Qf6 41. Qe3+ g5 42. Qd2 Qd8 43. h4 f6 44. hxg5+ fxg5 45. Qd6+ Kg7 46. Qe6 g4 47. Qe8 Qf6 48. Kg1 h4 49. d8Q Qa1+ 50. Kg2 h3+ 1-0

[Event "Tirol-ch"]
[Site "Kramsach"]
[Date "2007.06.24"]
[Round "1.10"]
[White "Pirchner, Hans"]
[Black "Anker, Christin"]
[Result "0-1"]
[WhiteElo "1995"]
[BlackElo "1593"]
[PlyCount "112"]
[EventDate "2007.06.24"]
[EventType "swiss"]
[EventRounds "7"]
[EventCountry "AUT"]
[SourceTitle "EXT 2024"]
[Source "ChessBase"]
[SourceDate "2023.10.10"]
[SourceVersion "1"]
[SourceVersionDate "2023.10.10"]
[SourceQuality "1"]

1. d4 d5 2. c4 dxc4 3. Nc3 e6 4. e4 a6 5. a4 Nf6 6. Bxc4 Bb4 7. Bg5 h6 8. Bxf6 Qxf6 9. Nf3 0-0 10. 0-0 Nd7 11. e5 Qe7 12. Qe2 b6 13. Ne4 Bb7 14. Rfd1 Rfd8 15. Rd3 Nf8 16. Rad1 Ng6 17. g3 Qe8 18. h4 Qxa4 19. h5 Ne7 20. Nfd2 Qc6 21. f3 Nf5 22. Qf2 Ba5 23. Bb3 Qd7 24. Nc4 Bb4 25. g4 Ne7 26. Ne3 Nd5 27. Qg3 Nxe3 28. Rxe3 Bd5 29. g5 hxg5 30. Qxg5 Bxe4 31. Rxe4 Be7 32. Qg3 Kh8 33. Rg4 Rg8 34. Bc2 Qc6 35. Be4 Qa4 36. Rd2 Rad8 37. Bc2 Qa1+ 38. Kh2 Qxb2 39. Rg2 Bf8 40. h6 g6 41. Bxg6 Qc1 42. Bh5 Rxg4 43. Qxg4 Bxh6 44. Rg1 Qf4+ 45. Kh3 Qxd4 46. Bxf7 Qxe5 47. Bxe6 Qg7 48. Qh4 Rd4 49. Qh5 Qf6 50. Qe8+ Bf8 51. Rg8+ Kh7 52. Kg2 Rd2+ 53. Kh3 Qh6+ 54. Kg3 Bd6+ 55. Kg4 Rg2+ 56. Kf5 Qf4# 0-1

[Event "Wattens op 15th"]
[Site "Wattens"]
[Date "2000.08.30"]
[Round "5"]
[White "Riha, Alexander"]
[Black "Pirchner, Hans"]
[Result "0-1"]
[WhiteElo "2103"]
[BlackElo "1798"]
[PlyCount "80"]
[EventDate "2000.08.26"]
[EventType "swiss"]
[EventRounds "9"]
[EventCountry "AUT"]
[SourceTitle "EXT 2001"]
[Source "ChessBase"]
[SourceDate "2000.11.22"]
[SourceVersion "1"]
[SourceVersionDate "2000.11.22"]
[SourceQuality "1"]

1. d4 Nf6 2. c4 e6 3. Nc3 d5 4. cxd5 exd5 5. Bg5 Nbd7 6. e3 c6 7. Bd3 Be7 8. Qc2 Nf8 9. Nf3 Ng6 10. 0-0 0-0 11. a3 Bg4 12. Nd2 a5 13. Rab1 Re8 14. b4 Nd7 15. Bxe7 Qxe7 16. Nb3 axb4 17. axb4 Qg5 18. Bxg6 hxg6 19. Kh1 Bf5 20. e4 dxe4 21. Ra1 Rxa1 22. Rxa1 e3 23. Qe2 Nf6 24. f3 Qh4 25. Kg1 Nh5 26. Nc5 Qxd4 27. N5e4 Nf4 28. Qd1 Nd3 29. Ne2 Qd7 30. Nc5 Nxc5 31. bxc5 Qe7 32. Qd6 Qh4 33. g3 Qc4 34. Re1 Qc2 35. Qd1 Qxc5 36. Kf1 Qc4 37. Kg2 Qb4 38. Kf1 Ra8 39. Qd4 Bh3+ 40. Kg1 Qxe1# 0-1

[Event "Wattens op 15th"]
[Site "Wattens"]
[Date "2000.08.26"]
[Round "1"]
[White "Schneider, Heiko"]
[Black "Pirchner, Hans"]
[Result "1-0"]
[WhiteElo "2278"]
[BlackElo "1798"]
[PlyCount "73"]
[EventDate "2000.08.26"]
[EventType "swiss"]
[EventRounds "9"]
[EventCountry "AUT"]
[SourceTitle "EXT 2001"]
[Source "ChessBase"]
[SourceDate "2000.11.22"]
[SourceVersion "1"]
[SourceVersionDate "2000.11.22"]
[SourceQuality "1"]

1. e4 d5 2. exd5 Nf6 3. d4 Nxd5 4. c4 Nb4 5. Qa4+ N8c6 6. a3 Na6 7. d5 Nc5 8. Qb5 e6 9. dxc6 b6 10. Be3 a6 11. Bxc5 axb5 12. Bxf8 Kxf8 13. cxb5 e5 14. Nc3 Be6 15. Nf3 f6 16. Rd1 Qe7 17. Bd3 Kf7 18. 0-0 Rhd8 19. Bxh7 Rxd1 20. Rxd1 Rd8 21. Re1 Qc5 22. h3 g5 23. Bb1 g4 24. hxg4 Bxg4 25. Ba2+ Kg7 26. Nh2 Bf5 27. Nf1 Kg6 28. Re3 Rd3 29. g4 Rxe3 30. gxf5+ Kxf5 31. Nxe3+ Kg6 32. Ned5 e4 33. Kf1 Qd4 34. Ke1 Qe5 35. a4 f5 36. a5 bxa5 37. b6 1-0

[Event "Wattens op 14th"]
[Site "Wattens"]
[Date "1999.??.??"]
[Round "1"]
[White "Pirchner, Hans"]
[Black "Duer, Werner"]
[Result "0-1"]
[WhiteElo "1705"]
[BlackElo "2320"]
[PlyCount "62"]
[EventDate "1999.??.??"]
[EventType "swiss"]
[EventRounds "9"]
[EventCountry "AUT"]
[SourceTitle "EXT 2001"]
[Source "ChessBase"]
[SourceDate "2000.11.22"]
[SourceVersion "1"]
[SourceVersionDate "2000.11.22"]
[SourceQuality "1"]

1. d4 Nf6 2. c4 e6 3. Nc3 d5 4. Nf3 c6 5. Bg5 Nbd7 6. e3 Qa5 7. Bxf6 Nxf6 8. Nd2 Be7 9. Bd3 0-0 10. 0-0 Qd8 11. e4 dxe4 12. Ndxe4 Qxd4 13. Qe2 Nxe4 14. Nxe4 f5 15. Ng3 g6 16. Rad1 Qb6 17. a3 a5 18. Rfe1 Bf6 19. Rb1 a4 20. Nf1 e5 21. Nd2 e4 22. Bc2 Be6 23. b4 axb3 24. Rxb3 Qa7 25. g4 Rae8 26. gxf5 Bxf5 27. c5 Qxc5 28. Bxe4 Bg5 29. Rb4 Qc3 30. Nf3 Qxa3 31. Qc4+ Be6 0-1

[Event "Wattens op 13th"]
[Site "Wattens"]
[Date "1998.??.??"]
[Round "8"]
[White "Seywald, Johann"]
[Black "Pirchner, Hans"]
[Result "0-1"]
[WhiteElo "1680"]
[BlackElo "1735"]
[PlyCount "50"]
[EventDate "1998.??.??"]
[EventType "swiss"]
[EventRounds "9"]
[EventCountry "AUT"]
[SourceTitle "EXT 2000"]
[Source "ChessBase"]
[SourceDate "1999.11.16"]
[SourceVersion "1"]
[SourceVersionDate "1999.11.16"]
[SourceQuality "1"]

1. g3 Nf6 2. Bg2 g6 3. c4 Bg7 4. Nc3 c6 5. Nf3 0-0 6. 0-0 d5 7. cxd5 cxd5 8. e3 Nc6 9. d4 b6 10. Ne5 Bb7 11. Re1 e6 12. h4 Nd7 13. Nxd7 Qxd7 14. h5 Ne7 15. g4 Kh8 16. g5 gxh5 17. Qxh5 f6 18. e4 fxg5 19. e5 Nf5 20. Bxg5 Nxd4 21. Re3 Qf7 22. Qh4 Nf5 23. Qf4 Nxe3 24. Qxe3 Qg6 25. Bf4 d4 0-1

[Event "Wattens op 09th"]
[Site "Wattens"]
[Date "1994.??.??"]
[Round "4"]
[White "Delmarko, Dietmar"]
[Black "Pirchner, Hans"]
[Result "0-1"]
[WhiteElo "1610"]
[BlackElo "1800"]
[PlyCount "112"]
[EventDate "1994.??.??"]
[EventType "swiss"]
[EventRounds "9"]
[EventCountry "AUT"]
[SourceTitle "EXT 2000"]
[Source "ChessBase"]
[SourceDate "1999.11.16"]
[SourceVersion "1"]
[SourceVersionDate "1999.11.16"]
[SourceQuality "1"]

1. e4 d6 2. Nf3 Nf6 3. Nc3 Nbd7 4. d4 g6 5. Bd3 Bg7 6. Ne2 0-0 7. 0-0 c6 8. c3 Qc7 9. h3 e5 10. Be3 Nh5 11. g4 Nhf6 12. Nh2 d5 13. Ng3 Re8 14. Qc2 c5 15. dxe5 Nxe5 16. Be2 Bd7 17. f4 Nc6 18. e5 Ne4 19. Nxe4 dxe4 20. Qxe4 Nxe5 21. fxe5 Bxe5 22. Qg2 Bxh2+ 23. Qxh2 Qxh2+ 24. Kxh2 Rxe3 25. Rf2 Rae8 26. Bf3 b6 27. Rd1 R8e7 28. Rdd2 Kg7 29. Kg2 f5 30. Rfe2 Rxe2+ 31. Bxe2 h6 32. Kf2 f4 33. Bf3 Kf6 34. Rd6+ Be6 35. a3 Rd7 36. Rxd7 Bxd7 37. Be4 g5 38. Bd3 Ke5 39. Bf1 Bc6 40. Bd3 Bd5 41. Bc2 Be4 42. Ba4 Kd5 43. Bb3+ c4 44. Ba4 Kc5 45. Be8 Bc6 46. Bf7 Ba4 47. Bg6 Kb5 48. Be8+ Ka5 49. Bg6 Bd1 50. Ke1 Bb3 51. Kf2 Ka4 52. Ke1 Kb5 53. Kf2 Bd1 54. Ke1 Bf3 55. Kf2 Bd5 56. Ke1 Bg2 0-1

[Event "Wattens op 09th"]
[Site "Wattens"]
[Date "1994.??.??"]
[Round "9"]
[White "Pirchner, Hans"]
[Black "Ager, Hans"]
[Result "0-1"]
[WhiteElo "1800"]
[BlackElo "2040"]
[PlyCount "82"]
[EventDate "1994.??.??"]
[EventType "swiss"]
[EventRounds "9"]
[EventCountry "AUT"]
[SourceTitle "EXT 2000"]
[Source "ChessBase"]
[SourceDate "1999.11.16"]
[SourceVersion "1"]
[SourceVersionDate "1999.11.16"]
[SourceQuality "1"]

1. d4 Nf6 2. c4 g6 3. Nc3 Bg7 4. Nf3 0-0 5. e4 d6 6. Be2 e5 7. Be3 Ng4 8. Bg5 f6 9. Bc1 Nc6 10. d5 Ne7 11. h3 Nh6 12. g4 Nf7 13. Be3 c6 14. Qd2 Qa5 15. 0-0 f5 16. gxf5 gxf5 17. Bg5 Ng6 18. exf5 Bxf5 19. Kh2 Qc7 20. Be3 Qd7 21. Ng1 Nf4 22. Bxf4 exf4 23. Bf3 Ng5 24. h4 Nf7 25. Bg2 Qe7 26. Nf3 Ne5 27. Rh1 Nxf3+ 28. Bxf3 Qxh4+ 29. Kg2 Qg5+ 30. Kf1 Qg6 31. Rd1 c5 32. Rg1 Qh6 33. Rh1 Qg5 34. Rh5 Qg6 35. Rh1 Rae8 36. Re1 Bd3+ 37. Be2 Rxe2 38. Rxe2 f3 39. Rg1 fxe2+ 40. Nxe2 Bxe2+ 41. Qxe2 Qb1+ 0-1